[Event "Rohde op 12th"]
[Site "Sautron"]
[Date "2012.11.??"]
[Round "9"]
[White "Sommeria, Christian"]
[Black "Daniel, Jean Claude"]
[Result "0-1"]
[WhiteElo "1538"]
[BlackElo "1847"]
[PlyCount "46"]
[EventDate "2012.10.27"]
[EventType "swiss"]
[EventRounds "9"]
[EventCountry "FRA"]
[SourceTitle "EXT 2014"]
[Source "ChessBase"]
[SourceDate "2013.11.20"]
[SourceVersion "1"]
[SourceVersionDate "2013.11.20"]
[SourceQuality "1"]

1. e4 c5 2. f4 Nc6 3. Nf3 d6 4. Be2 g6 5. c3 Nf6 6. d3 Bg7 7. h3 0-0 8. 0-0 Qb6 9. Qc2 Nh5 10. Kh2 e5 11. g3 exf4 12. gxf4 f5 13. Nh4 Bf6 14. Nxf5 gxf5 15. Bxh5 Kh8 16. Be3 Be6 17. Nd2 Qc7 18. Nf3 Qd7 19. e5 dxe5 20. Bxc5 Rg8 21. Be3 Qg7 22. Ng5 Bxg5 23. fxg5 f4 0-1

[Event "Gorges op 22th"]
[Site "Gorges"]
[Date "2012.07.11"]
[Round "4"]
[White "Lebedel, Marc"]
[Black "Sommeria, Christian"]
[Result "1/2-1/2"]
[WhiteElo "1587"]
[BlackElo "1547"]
[PlyCount "55"]
[EventDate "2012.07.08"]
[EventType "swiss"]
[EventRounds "7"]
[EventCountry "FRA"]
[SourceTitle "CBM 149 Extra"]
[Source "ChessBase"]
[SourceDate "2012.08.24"]
[SourceVersion "1"]
[SourceVersionDate "2012.08.24"]
[SourceQuality "1"]

1. b4 d5 2. Bb2 e6 3. e3 Nf6 4. a3 Bd7 5. Nf3 a6 6. c4 dxc4 7. Bxc4 Bb5 8. Qc2 Be7 9. d4 0-0 10. Nbd2 Bxc4 11. Nxc4 Nc6 12. Nce5 Nxe5 13. Nxe5 Qd5 14. 0-0 Bd6 15. Rfc1 Rac8 16. f3 Bxe5 17. dxe5 Nd7 18. e4 Qb5 19. Qc3 Rfd8 20. Rd1 c5 21. Rac1 Nb6 22. Rxd8+ Rxd8 23. Qxc5 Qe2 24. Qxb6 Rd1+ 25. Rxd1 Qxd1+ 26. Kf2 Qd2+ 27. Kg3 Qg5+ 28. Kf2 1/2-1/2

[Event "Cholet-C"]
[Site "Cholet"]
[Date "2012.02.23"]
[Round "8"]
[White "Dujardin, Bernard"]
[Black "Sommeria, Christian"]
[Result "1-0"]
[WhiteElo "1631"]
[BlackElo "1556"]
[PlyCount "89"]
[EventDate "2012.02.18"]
[EventType "tourn"]
[EventRounds "9"]
[EventCountry "FRA"]
[SourceTitle "EXT 2013"]
[Source "ChessBase"]
[SourceDate "2012.11.22"]
[SourceVersion "1"]
[SourceVersionDate "2012.11.22"]
[SourceQuality "1"]

1. d4 Nf6 2. Nf3 g6 3. c3 d5 4. Bg5 Bg7 5. Nbd2 Nc6 6. e3 0-0 7. Bd3 e6 8. 0-0 a6 9. h3 Bd7 10. a3 Na7 11. e4 Bb5 12. c4 dxe4 13. Nxe4 Bc6 14. Ne5 Bxe4 15. Bxe4 Qc8 16. Bxf6 Bxf6 17. Qf3 Qd8 18. Bxb7 Rb8 19. Rad1 Be7 20. b4 f6 21. Ng4 Qd7 22. Bxa6 Rb6 23. b5 Rd6 24. Qe3 h5 25. Nh2 Rd8 26. Nf3 c5 27. bxc6 Qxc6 28. c5 R6d7 29. Bc4 Kf7 30. Rfe1 Kg7 31. Bxe6 Rb7 32. Rc1 Qa4 33. Qe4 Rc7 34. Nh4 f5 35. Qe5+ Kh6 36. Qxc7 Bxh4 37. g3 Bxg3 38. Qxd8 Qxa3 39. Qd5 Bh4 40. Qb3 Qa5 41. Ra1 Bxf2+ 42. Kxf2 Qd2+ 43. Re2 Qf4+ 44. Qf3 Qh2+ 45. Ke3 1-0

[Event "Cholet-C"]
[Site "Cholet"]
[Date "2012.02.22"]
[Round "7"]
[White "Sommeria, Christian"]
[Black "Fermen, Guy"]
[Result "1-0"]
[WhiteElo "1556"]
[BlackElo "1569"]
[PlyCount "109"]
[EventDate "2012.02.18"]
[EventType "tourn"]
[EventRounds "9"]
[EventCountry "FRA"]
[SourceTitle "EXT 2013"]
[Source "ChessBase"]
[SourceDate "2012.11.22"]
[SourceVersion "1"]
[SourceVersionDate "2012.11.22"]
[SourceQuality "1"]

1. e4 d5 2. e5 e6 3. d4 c5 4. c3 Nc6 5. Nf3 Qb6 6. Qa4 Bd7 7. Bb5 Nxe5 8. Bxd7+ Nxd7 9. Ne5 Ngf6 10. 0-0 h6 11. dxc5 Bxc5 12. b4 Bd6 13. Nxd7 Nxd7 14. Bb2 Qc7 15. h3 Be5 16. Re1 0-0 17. Qc2 b5 18. Nd2 Rfc8 19. Rac1 Nf6 20. Nf3 Bf4 21. Rcd1 Bd6 22. a3 a5 23. Qd3 axb4 24. cxb4 Qc2 25. Re2 Qxd3 26. Rxd3 Nd7 27. Nd4 Ne5 28. Rd1 Nc4 29. Nxb5 Nxb2 30. Rxb2 Be5 31. Rb3 Rab8 32. Nd4 Rc4 33. Nf3 Bd6 34. Rdb1 Rbc8 35. g3 Rc2 36. Ne1 R2c3 37. b5 Bxa3 38. Rxc3 Rxc3 39. b6 Bd6 40. b7 Bb8 41. Ra1 Rb3 42. Nd3 Rxb7 43. Ra8 Kh7 44. Nc5 Rb1+ 45. Kg2 Be5 46. Nd7 Bd4 47. Nf8+ Kg8 48. Nxe6+ Kh7 49. Nxd4 Rd1 50. Nf3 f6 51. Ra7 Rc1 52. Rd7 Rd1 53. Nh4 Kg8 54. Nf5 d4 55. Rxg7+ 1-0

[Event "Cholet-C"]
[Site "Cholet"]
[Date "2012.02.20"]
[Round "3"]
[White "Viel, Jean Marc"]
[Black "Sommeria, Christian"]
[Result "1-0"]
[WhiteElo "1703"]
[BlackElo "1556"]
[PlyCount "76"]
[EventDate "2012.02.18"]
[EventType "tourn"]
[EventRounds "9"]
[EventCountry "FRA"]
[SourceTitle "EXT 2013"]
[Source "ChessBase"]
[SourceDate "2012.11.22"]
[SourceVersion "1"]
[SourceVersionDate "2012.11.22"]
[SourceQuality "1"]

1. e4 e5 2. Nf3 d6 3. d4 exd4 4. Nxd4 Be7 5. Bc4 c5 6. Nf3 Nf6 7. Nc3 h6 8. 0-0 0-0 9. Bf4 Nc6 10. Nd5 Nxd5 11. Bxd5 Bg4 12. h3 Bxf3 13. Qxf3 Nd4 14. Qd3 Qb6 15. c3 Ne6 16. Be3 Rac8 17. Rad1 Nc7 18. Rd2 Nxd5 19. Qxd5 Qc6 20. Rfd1 b6 21. Bf4 Rfd8 22. Qxc6 Rxc6 23. e5 g5 24. exd6 Bf8 25. Bg3 f6 26. d7 Kf7 27. c4 h5 28. f4 Bh6 29. f5 h4 30. Bh2 Bf8 31. Kf2 a6 32. Kf3 b5 33. cxb5 axb5 34. Rd5 Be7 35. Ke4 b4 36. Rc1 c4 37. Kd4 c3 38. bxc3 Ra6 1-0

[Event "Cholet-C"]
[Site "Cholet"]
[Date "2012.02.19"]
[Round "2"]
[White "Sommeria, Christian"]
[Black "Avril, Simon"]
[Result "0-1"]
[WhiteElo "1556"]
[BlackElo "1550"]
[PlyCount "94"]
[EventDate "2012.02.18"]
[EventType "tourn"]
[EventRounds "9"]
[EventCountry "FRA"]
[SourceTitle "EXT 2013"]
[Source "ChessBase"]
[SourceDate "2012.11.22"]
[SourceVersion "1"]
[SourceVersionDate "2012.11.22"]
[SourceQuality "1"]

1. e4 c5 2. f4 d5 3. e5 e6 4. Nf3 Nc6 5. Be2 g6 6. c3 Bg7 7. d4 c4 8. 0-0 Nge7 9. Be3 Nf5 10. Bf2 h5 11. Nbd2 Bd7 12. h3 b5 13. Qc2 h4 14. Qc1 Rb8 15. b4 a5 16. a3 Bh6 17. Nb1 Ra8 18. Qd2 Qe7 19. Ra2 0-0 20. Nh2 Ra6 21. Bg4 Rfa8 22. Be1 axb4 23. Bxf5 bxc3 24. Nxc3 gxf5 25. Nxb5 Rb6 26. Nd6 f6 27. Bxh4 Qg7 28. Bxf6 Qg3 29. Rf3 Rb1+ 30. Nf1 Qe1 31. Qxe1 Rxe1 32. Rb2 Ra7 33. Rg3+ Kf8 34. Rb7 Rxb7 35. Nxb7 Bc8 36. Nc5 Nxd4 37. Bg5 Bg7 38. Re3 Rxe3 39. Nxe3 c3 40. Nd3 Ba6 41. Nb4 Bb5 42. Nbc2 Nxc2 43. Nxc2 Ba4 44. Nb4 Kf7 45. Bh4 Bf8 46. Be1 Bc5+ 47. Kf1 Bb5+ 0-1

[Event "Cholet-D"]
[Site "Cholet"]
[Date "2011.03.09"]
[Round "7"]
[White "Sommeria, Christian"]
[Black "Legendre, Aurelien"]
[Result "1-0"]
[WhiteElo "1455"]
[BlackElo "1330"]
[PlyCount "112"]
[EventDate "2011.03.05"]
[EventType "tourn"]
[EventRounds "9"]
[EventCountry "FRA"]
[SourceTitle "EXT 2012"]
[Source "ChessBase"]
[SourceDate "2011.11.24"]
[SourceVersion "1"]
[SourceVersionDate "2011.11.24"]
[SourceQuality "1"]

1. e4 e5 2. f4 d6 3. Nf3 Nc6 4. Be2 Nf6 5. d3 d5 6. exd5 Qxd5 7. Nc3 Bb4 8. fxe5 Bxc3+ 9. bxc3 Nxe5 10. c4 Nxf3+ 11. Bxf3 Qe5+ 12. Qe2 Qxe2+ 13. Bxe2 0-0 14. Bb2 Ng4 15. h3 Ne3 16. Kd2 Nf5 17. Bf3 c6 18. g4 Ne7 19. Rae1 Be6 20. Ba3 Rfe8 21. Rb1 b6 22. Bxe7 Rxe7 23. Bxc6 Rc8 24. Bd5 Rce8 25. Rhe1 g6 26. Bxe6 Rxe6 27. Rxe6 Rxe6 28. Rb5 Kf8 29. c5 bxc5 30. Rxc5 Ra6 31. d4 Rxa2 32. Re5 Ra4 33. Kd3 Ra3+ 34. c3 Ra6 35. d5 Rd6 36. Kd4 a5 37. Kc5 Rd8 38. d6 Re8 39. Rd5 Rc8+ 40. Kd4 Rd8 41. c4 a4 42. c5 a3 43. Kc4 a2 44. Rd1 Ra8 45. Ra1 Ke8 46. c6 Kd8 47. Kc5 f5 48. gxf5 gxf5 49. Kd5 f4 50. Ke6 Rc8 51. c7+ Rxc7 52. dxc7+ Kxc7 53. Rxa2 Kd8 54. Rf2 Ke8 55. Rxf4 h5 56. Kf6 Kd8 1-0

[Event "Cholet-D"]
[Site "Cholet"]
[Date "2011.03.07"]
[Round "3"]
[White "Sommeria, Christian"]
[Black "Moes, Jamy"]
[Result "1/2-1/2"]
[WhiteElo "1455"]
[BlackElo "1347"]
[PlyCount "104"]
[EventDate "2011.03.05"]
[EventType "tourn"]
[EventRounds "9"]
[EventCountry "FRA"]
[SourceTitle "EXT 2012"]
[Source "ChessBase"]
[SourceDate "2011.11.24"]
[SourceVersion "1"]
[SourceVersionDate "2011.11.24"]
[SourceQuality "1"]

1. e4 e5 2. f4 d5 3. exd5 Qxd5 4. fxe5 Qxe5+ 5. Qe2 Bd6 6. Nf3 Qxe2+ 7. Bxe2 Nf6 8. 0-0 0-0 9. d4 Nc6 10. a3 Bg4 11. c3 Rae8 12. Bb5 Bxf3 13. gxf3 a6 14. Bd3 Na5 15. Nd2 c5 16. b4 cxb4 17. axb4 Nc6 18. Ne4 Nxe4 19. fxe4 Rd8 20. Bf4 f6 21. b5 Ne5 22. Bxe5 fxe5 23. Bc4+ Kh8 24. Rxf8+ Rxf8 25. bxa6 bxa6 26. Rxa6 Rd8 27. Bd5 exd4 28. cxd4 g6 29. Kg2 h5 30. Ra8 Rxa8 31. Bxa8 Kg7 32. e5 Bb8 33. Kf3 Kf7 34. Bd5+ Ke7 35. Bc4 Bc7 36. Kf4 Ba5 37. d5 Bd2+ 38. Ke4 g5 39. h3 g4 40. hxg4 hxg4 41. Be2 Bb4 42. Bxg4 Bc5 43. Kd3 Ba3 44. Kc4 Kd8 45. d6 Bb2 46. Kd5 Bc1 47. Ke6 Bf4 48. Kd5 Bh6 49. Ke4 Bg5 50. Kf5 Bh4 51. Ke6 Bg5 52. Kd5 Bf4 1/2-1/2

[Event "Cholet-D"]
[Site "Cholet"]
[Date "2011.03.05"]
[Round "1"]
[White "Sommeria, Christian"]
[Black "Pinet, Jerome"]
[Result "1-0"]
[WhiteElo "1455"]
[BlackElo "1520"]
[PlyCount "67"]
[EventDate "2011.03.05"]
[EventType "tourn"]
[EventRounds "9"]
[EventCountry "FRA"]
[SourceTitle "EXT 2012"]
[Source "ChessBase"]
[SourceDate "2011.11.24"]
[SourceVersion "1"]
[SourceVersionDate "2011.11.24"]
[SourceQuality "1"]

1. e4 e5 2. f4 Nf6 3. d3 d5 4. fxe5 Ng4 5. Be2 Nxe5 6. Nf3 Nxf3+ 7. Bxf3 Bd6 8. Be3 d4 9. Bf2 c5 10. Nd2 Be6 11. e5 Bxe5 12. Bxb7 Nd7 13. Bxa8 Qxa8 14. 0-0 Qb8 15. Nf3 Bf6 16. Bg3 Qb6 17. b3 0-0 18. Nd2 Ne5 19. Ne4 Ng4 20. Nxf6+ gxf6 21. Qe2 Ne3 22. Rxf6 Qb7 23. Rf2 Qe7 24. Qh5 f6 25. h3 f5 26. Bf4 Rf7 27. Qg5+ Qxg5 28. Bxg5 Rg7 29. Bxe3 dxe3 30. Re2 f4 31. Rf1 Bxh3 32. Rxf4 h5 33. Rh4 Rg5 34. Rxh3 1-0